书目信息 |
| 题名: |
梁启超先秦政治思想史
|
|
| 作者: | 梁启超 著 | |
| 分册: | ||
| 出版信息: | 长春 吉林人民出版社 2013 |
|
| 页数: | 251页 | |
| 开本: | 24cm | |
| 丛书名: | ||
| 单 册: | ||
| 中图分类: | D092.2 | |
| 科图分类: | ||
| 主题词: | 政治思想史--中国--先秦时代 | |
| 电子资源: | ||
| ISBN: | 978-7-206-08306-8 | |
| 000 | 00885nam0 2200253 450 | |
| 001 | 339485 | |
| 005 | 20150608090416.04 | |
| 010 | @a978-7-206-08306-8@dCNY29.50 | |
| 100 | @a20130705d2013 em y0chiy50 ea | |
| 101 | 0 | @achi |
| 102 | @aCN@b220000 | |
| 105 | @ay z 000yy | |
| 106 | @ar | |
| 200 | 1 | @a梁启超先秦政治思想史@Aliang qi chao xian qin zheng zhi si xiang shi |
| 210 | @a长春@c吉林人民出版社@d2013 | |
| 215 | @a251页@d24cm | |
| 300 | @a中国学术文化名著文库/胡维革主编 | |
| 314 | @a版权页题:梁启超著 | |
| 330 | @a本书作者论述先秦的政治思想背景及发展, 分为序论、前论、本论共二十三章, 涉及天道的思想、民本的思想、封建制度、阶级制度及儒家、道家、墨家和法家思想, 附录为先秦政治思想。 | |
| 606 | 0 | @a政治思想史@y中国@z先秦时代 |
| 690 | @aD092.2@v5 | |
| 701 | 0 | @a梁启超@Aliang qi chao@f(1873 1929)@4著 |
| 801 | 0 | @aCN@b卓展宏图@c20150525 |
| 905 | @dD092.2@e145@f4 | |
| 梁启超先秦政治思想史.-长春:吉林人民出版社,2013 |
| 251页;24cm |
| 中国学术文化名著文库/胡维革主编 |
| ISBN 978-7-206-08306-8:CNY29.50 |
| 本书作者论述先秦的政治思想背景及发展, 分为序论、前论、本论共二十三章, 涉及天道的思想、民本的思想、封建制度、阶级制度及儒家、道家、墨家和法家思想, 附录为先秦政治思想。 |
| ● |
| 相关链接 |
|
|
|
|
正题名:梁启超先秦政治思想史
索取号:D092.2/145
 
预约/预借
| 序号 | 登录号 | 条形码 | 馆藏地/架位号 | 状态 | 备注 |
| 1 | 858405 | 208584058 | 第一样本阅览室/ [索取号:D092.2/145] | 在馆 | |
| 2 | 858406 | 208584067 | 第一借阅区/ [索取号:D092.2/145] | 在馆 | |
| 3 | 858407 | 208584076 | 第一借阅区/ [索取号:D092.2/145] | 在馆 | |
| 4 | 858408 | 208584085 | 教育系资料室/ [索取号:D092.2/145] | 在馆 |